00366nam a2200133Ia 4500020001800000082001300018245005100031260004700082300001000129500002100139504002900160650002000189700002300209 a0-521-22355-5 a952 CAM- 0aCambridge history of Japan: early modern Japan aNew YorkbCambridge University Pressc1991 a831p. aContents: Vol.4. aIncludes glossary, index aJapan - History aHall, John Whitney